Juicio crítico de las Empresas políticas, de Saavedra Fajardo, y examen de su doctrina jurídica / (Record no. 32374)

MARC details
000 -LEADER
campo de control de longitud fija 00762nam a2200205 i 4500
001 - NÚMERO DE CONTROL
campo de control 32374
003 - IDENTIFICADOR DE NÚMERO DE CONTROL
campo de control ES-MaACL
005 - FECHA Y HORA DE LA ÚLTIMA TRANSACCIÓN
campo de control 20250824063031.0
007 - CAMPO FIJO DE DESCRIPCIÓN FÍSICA--INFORMACIÓN GENERAL
campo de control de longitud fija t|
008 - DATOS DE LONGITUD FIJA--INFORMACIÓN GENERAL
campo de control de longitud fija 030131s1904 sp |||| | spa d
100 1# - ENTRADA PRINCIPAL--NOMBRE DE PERSONA
Nombre de persona Benito, Enrique de,
Fechas asociadas al nombre 1882-1930
9 (RLIN) 27657
245 10 - MENCIÓN DEL TÍTULO
Título Juicio crítico de las Empresas políticas, de Saavedra Fajardo, y examen de su doctrina jurídica /
Mención de responsabilidad, etc. tesis doctoral de Enrique de Benito y de la Llave leída el 13 de octubre de 1903.
260 ## - PUBLICACIÓN, DISTRIBUCIÓN, ETC.
Lugar de publicación, distribución, etc. Zaragoza :
Nombre del editor, distribuidor, etc. [s.n.],
Fecha de publicación, distribución, etc. 1904 (
Fabricante M. Sevilla)
300 ## - DESCRIPCIÓN FÍSICA
Extensión 115 p. ;
Dimensiones 19 cm.
502 ## - NOTA DE TESIS
Nota de tesis Tesis doctoral.
600 14 - PUNTO DE ACCESO ADICIONAL DE MATERIA--NOMBRE DE PERSONA
Nombre de persona Saavedra Fajardo, Diego de-
Subdivisión general Pensamiento político.
9 (RLIN) 101140
740 02 - ENTRADA AGREGADA--TÍTULO RELACIONADO/ANALÍTICO NO CONTROLADO
Título relacionado o analítico no controlado Empresas políticas.
852 ## - LOCALIZACIÓN
Ubicación ES-MaACL
Número de control de estantería T-1032-F-7
Holdings
Estatus retirado Estado de pérdida Estado de daño No para préstamo Colección Biblioteca de origen Biblioteca actual Ubicación en estantería Fecha de adquisición Fuente de adquisición Total de préstamos Signatura topográfica completa Código de barras Visto por última vez Precio de reemplazo Tipo de ítem Koha
        Colección de folletos Biblioteca del Ateneo de Madrid Biblioteca del Ateneo de Madrid Depósito folletos 17/01/2008     T-1032-F-7 1033534 23/02/2023 23/02/2023 Folleto